Generálmajor in memoriam Milan Vesel

Bibliographic Details
Main Author: Baka, Igor, 1976- (Author)
Format: Article
Language:Slovak
PhysicalDescription:Fotogr.
ISSN:1336-1910
Subjects:
Online Access:http://www.mod.gov.sk/data/disk/casopis/Obrana_12_2013.pdf

MARC

LEADER 00000nab a2200000 a 4500
001 vtls010570074
003 SK-MaSNL
005 20260304185147.0
008 250708 2013 xo m p 000 0 slo
015 |a SNBRB2013/12  |2 lmaosk 
035 |a urn:nbn:sk:snk-ab83nt 
035 |a (urnnbn)urn:nbn:sk:snk:ar-0067u7 
035 |a (uuid)f8887bcb-a457-495d-99d1-fb7d773becd1 
040 |a SNKBUCL  |b slo  |c SNKBUCL  |e AACR2 
041 0 |a slo 
044 |a xo  |c SK 
080 |a 94(437.6)"1944"  |2 2001 
080 |a 355.426(437.6)"1944"  |2 2001 
100 1 |a Baka, Igor,  |d 1976-  |4 aut  |9 98397 
245 1 0 |a Generálmajor in memoriam Milan Vesel  |c Igor Baka 
300 |b Fotogr. 
600 1 7 |a Vesel, Milan,  |d 1903-1984  |2 snkbucl  |9 179145 
650 0 7 |a Slovenské národné povstanie (1944)  |2 SNKPH  |9 177948 
651 7 |a Slovensko  |x dejiny  |2 snkbucl  |9 13278 
655 7 |a biografie  |2 SNKPH  |9 27965 
655 7 |a články  |2 SNKPH  |9 70601 
773 0 |t Obrana  |g Roč. XXI, č. 12 (2013), s. 46  |x 1336-1910 
850 |a Slovenská národná knižnica 
852 |a Slovenská národná knižnica 
856 4 1 |u http://www.mod.gov.sk/data/disk/casopis/Obrana_12_2013.pdf 
954 |a odborná, vedecká literatúra pôvodná (slovenská)  |2 lita 
958 |a article9 
958 |a OND 
958 |a EUIPO 
999 |c 3041721  |d 3043651